LEADER 01339nam a2200313 a 4500 001 000000130943 003 CaOOAMICUS 005 20121011145534.0 008 121011s2000 it u000 u ita r 020 $a88-452-9058-1 040 $aPUL$bita 100 1 $aBergamin, José.$0(OLS)http://pul/name/83953 245 10$aDecadenza dell'analfabetismo /$cJosé Bergamin ; traduzione di Lucio D'Arcangelo ; saggio introduttivo di Giorgio Agamben ; nota di Vittorio Sgarbi. 260 $aMilano :$bBompiani,$c2000. 300 $a140 p. ;$c17 cm 490 1 $aI grandi passSaggi 650 4$aAnalfabeti e analfabetismo.$0(OLS)http://pul/subject/21876 700 1 $aSgarbi, Vittorio.$0(OLS)http://pul/name/83954 700 1 $aD'Arcangelo Lucio.$0(OLS)http://pul/name/41322 700 1 $aAgamben, Giorgio,$d1942-$0(OLS)http://pul/name/59152 830 0$aGrandi passSaggi (Bompiani).$0(OLS)http://pul/title/165486 850 $aPUL 852 $aPUL$W1$xDP1 Fondo E. Rossi$y115$m1 B 64$j41789$qFondi$B150105$CPULBib$Z2$F150105 $82 941 1 $a1 961 $aSul dorso collocazione ms. di E. Rossi: B 42 0 996 $6020$a88-452-9058-1$9(OLS)http://pul/number/150892 996 $6245$aDecadenza dell'analfabetismo$9(OLS)http://pul/title/165485 996 $6260$aMilano :$bBompiani$9(OLS)http://pul/publisher/48240 LEADER 01255nam a2200301 a 4500 001 000000148840 003 CaOOAMICUS 005 20160126155639.0 008 160126s1989 fr u000 u fre r 020 $a2-7189-0420-8* 032 $aLibriCat 040 $aPUL$bita 100 1 $aGourgues, Michel,$d1942.$0(OLS)http://pul/name/22921 245 13$aLe crucifié :$bdu scandale à l'exaltation /$cMichel Gourgues. 260 $aParis :$bDesclée,$c©1989$aMontréal :$bBellarmin 300 $a178 p. ;$c23 cm. 490 1 $aJésus et Jésus-Christ ;$v38 504 $aInclude riferimenti bibliografici 600 04$aIesus Christus$xCrocifissione.$0(OLS)http://pul/subject/22764 830 0$aJésus et Jésus-Christ ;$v38.$0(OLS)http://pul/title/47889 850 $aPUL 852 $aPUL$W1$xDP1 Fondo Bordoni$y120$m3 F 44$j166956$qFondi$B173012$CPULBib$Z2$F173012 $HBor308 $81 941 1 $a1 996 $6020$a2-7189-0420-8*$9(OLS)http://pul/number/159397 996 $6245$aLe crucifié :$bdu scandale à l'exaltation$9(OLS)http://pul/title/187676 996 $6260$aParis :$bDesclée$9(OLS)http://pul/publisher/54080 996 $6260$aMontréal :$bBellarmin$9(OLS)http://pul/publisher/52489